Elements of power system analysis (Record no. 7983)

000 -LEADER
fixed length control field 00512nam a22001937a 4500
001 - CONTROL NUMBER
control field 7983
003 - CONTROL NUMBER IDENTIFIER
control field BD-DhUET
008 - FIXED-LENGTH DATA ELEMENTS--GENERAL INFORMATION
fixed length control field 150103b xxu||||| |||| 00| 0 eng d
040 ## - CATALOGING SOURCE
Transcribing agency 0
Modifying agency BD-DhUET
082 ## - DEWEY DECIMAL CLASSIFICATION NUMBER
Classification number 623.12
Item number STE/1962
100 ## - MAIN ENTRY--PERSONAL NAME
Personal name Stevenson, William D.
245 ## - TITLE STATEMENT
Title Elements of power system analysis
250 ## - EDITION STATEMENT
Edition statement 2nd ed.
260 ## - PUBLICATION, DISTRIBUTION, ETC. (IMPRINT)
Place of publication, distribution, etc. New York
Name of publisher, distributor, etc. McGraw Hill
Date of publication, distribution, etc. 1962
300 ## - PHYSICAL DESCRIPTION
Extent xii,388p.
Other physical details ill.
490 ## - SERIES STATEMENT
Series statement McGraw-Hill series in electrical engineering
650 #0 - SUBJECT ADDED ENTRY--TOPICAL TERM
Topical term or geographic name as entry element Electric power systems
942 ## - ADDED ENTRY ELEMENTS (KOHA)
Koha item type General Book
Holdings
Koha date last borrowed Price effective from Koha item type Withdrawn status Copy number Damaged status Koha normalized classification for sorting Location (home branch) Koha issues (times borrowed) Shelving location Sublocation or collection (holding branch) Not for loan Koha full call number Source of classification or shelving scheme Lost status Date acquired Koha date last seen Piece designation (barcode)
2015-01-032015-01-03General Book 1 623_120000000000000_STE_1962Central Library, BUET1Circulation sectionCentral Library, BUET 623.12/STE/1962  2015-01-032015-02-1559291
 2015-05-03General Book 2 623_120000000000000_STE_1962Central Library, BUET Circulation sectionCentral Library, BUET 623.12/STE/1962  2015-05-032015-05-039964
 2015-05-03General Book 3 623_120000000000000_STE_1962Central Library, BUET Circulation sectionCentral Library, BUET 623.12/STE/1962  2015-05-032015-05-0324509
 2015-05-03General Book 4 623_120000000000000_STE_1962Central Library, BUET Circulation sectionCentral Library, BUET 623.12/STE/1962  2015-05-032015-05-031492
 2015-05-03General Book 5 623_120000000000000_STE_1962Central Library, BUET Circulation sectionCentral Library, BUET 623.12/STE/1962  2015-05-032015-05-0311276
 2015-05-03General Book 6 623_120000000000000_STE_1962Central Library, BUET Circulation sectionCentral Library, BUET 623.12/STE/1962  2015-05-032015-05-0316357
 2015-06-25Reading Item 7 623_120000000000000_STE_1962Central Library, BUET Reading sectionCentral Library, BUET 623.12/STE/1962  2015-06-252015-06-2539966
 2015-06-28Reading Item 8 623_120000000000000_STE_1962Central Library, BUET Reading sectionCentral Library, BUET 623.12/STE/1962  2015-06-282015-06-2839964
 2015-06-28Reading Item 9 623_120000000000000_STE_1962Central Library, BUET Reading sectionCentral Library, BUET 623.12/STE/1962  2015-06-282015-06-2839965
 2015-06-28Reading Item 10 623_120000000000000_STE_1962Central Library, BUET Reading sectionCentral Library, BUET 623.12/STE/1962  2015-06-282015-06-2839962